Регионална библиотека "Любен Каравелов" - Русе

American Sports (Запис номер 90202)

MARC детайли
000 -Лидер
Контролно поле с фиксирана дължина 01217nam a2200373 c 4500
003 - Код на организацията, давaща контролен номер
Контролно поле BLK
005 - Дата и час на последна редакция
Контролно поле 20180420225234.0
008 - Елементи от данни с фиксирана дължина
fixed length control field 180408b bul|||||r ||||||| ||bul||
010 ## - Наследен системен номер
LC control number KNG00094935000
020 ## - Международен стандартен номер на книга ISBN
Международен стандартен номер на книга ISBN 978-0-205-66515-0
-- издат.: Pearson/Prentice Hall
040 ## - Източник на каталожния запис
Идентификатор на билиотеката - собственик на записа BLK
041 ## - Код за език
Код за езика на текст/звукозапис или на отделно заглавие Английски
Код за езика КДБФ Английски
080 ## - УДК
Текстов определител УДК Спорт. Физическа култура
УДК код - определител по УДК 796/799
УДК определител (73)(091)
УДК - код + определител 796/799(73)(091)
100 1# - Редна дума - Автор
Автор Rader, Benjamin G.
Авторска отговорност първи автор
R(LIN) 21924
139 ## - Редно поле
Редна дума Rader, Benjamin G.
Авторски знак Rad - R 13
245 10 - Сведения за заглавието
Заглавие American Sports
Подзаглавни данни From the Age of Folk Games to the Age of Televised Sports
Редно поле (дума) Benjamin G. Rader.
250 ## - Област на изданието
Сведения за изданието 6. ed.
257 ## - Страна на издаване
Страна на създаване/издаване Съединени американски щати
260 ## - Област на издателските данни
-- Upper Saddle River, N. J.
Име на издателя, разпространителя и проч. Pearson/Prentice Hall
Година на издаване 2009
300 ## - Физическа характеристика
Страници IX, 374 p.
Илюстрации и др. ill.
Размери/Мащаб 24 cm
380 ## - Жанр
Жанр 793/799 Спорт
500 ## - Общи забележки
Забележка 1st publ. 1983. - Index.
650 #4 - Допълнително описание по предмет – тема
Основно описание – тема или топоним САЩ - спорт - история
9 (RLIN) 303878
650 #4 - Допълнително описание по предмет – тема
Основно описание – тема или топоним Спорт - САЩ - история
9 (RLIN) 303879
651 #4 - Допълнително описание по предмет - топоним
Географско понятие САЩ
9 (RLIN) 179493
653 ## - Ключова дума – ненормативна
Ключова дума спорт
653 ## - Ключова дума – ненормативна
Ключова дума история
653 ## - Ключова дума – ненормативна
Ключова дума САЩ
852 ## - Местоположение
Форматна сигнатура Цб 247403
856 4# - Електронен адрес и достъп
Електронен формат pdf - файл
Път до файла /url/
856 4# - Електронен адрес и достъп
Електронен формат pdf - файл
Път до файла /url/
942 ## - АРТИКУЛИ
Вид на библиотечния материал Книги
Скрит в OPAC Не
944 ## - СЪЗДАВАНЕ И РЕДАКЦИЯ на ЗАПИСА
Създаване/Редакция Създаване
Дата на регистрацията/редакция 22.03.2010
Статус, дата на статуса ф /
Служител, извършил регистрацията/редакцията Виолета_Тройчева
944 ## - СЪЗДАВАНЕ И РЕДАКЦИЯ на ЗАПИСА
Създаване/Редакция Редакция
Дата на регистрацията/редакция 20.10.2011
Статус, дата на статуса ф /
Служител, извършил регистрацията/редакцията
999 ## - СИСТЕМНИ КОНТРОЛНИ НОМЕРА
Koha biblionumber 90202
Koha biblioitemnumber 90202
Наличности
Код за отписване Код за изгубен артикул Код за повреда Коз за рестрикции Код за отдаване Артикулен № Име на библиотеката - собственик Име на библиотеката, в която се намира в момента Статус (Текущо местоположение) Дата на вписване в системата Местоположение - отдел Цена в лева Инвентарен номер Систематично азбучна сигнатура Баркод Номер на екземпляра Цена в евро Служебна бележка Служебен тип на артикула
  Не е изгубен Не е повреден без рестрикции заемане за дома 145829 Регионална библиотека "Любен Каравелов" Русе Регионална библиотека "Любен Каравелов" Русе ЧЧЗО - англ. ез. - Британски съвет 2010-03-22 ЧЧЗО - англ. ез. - Британски съвет 92.23 120000742819 Ч3 796/799/R 13 120000742819 1 47.16 Дост: DA Вид: А N: 9 Дата: 22.03.2010 Дата инв: 20.03.2015 Бележки инв: Ч32015 Книги
Vip Innovations Ltd, Rousse, Bulgaria 2025